| 000 | 01222nam a2200253 a 4500 | ||
|---|---|---|---|
| 999 |
_c447297 _d447297 |
||
| 003 | BLK | ||
| 005 | 20230727123340.0 | ||
| 008 | 220307b bu ||||| ||||||0| | bu d | ||
| 040 | _aBLK | ||
| 041 |
_aBUL _cBUL |
||
| 080 |
_x(497.215)(062) _aТехника. Технически науки _b62 _z62(497.215)(062) |
||
| 139 |
_aРазработки на клубовете за ТНТМ от Русенски окръг _bР 25 |
||
| 245 |
_aРазработки на клубовете за ТНТМ от Русенски окръг _h[Малотир. изд.] |
||
| 260 |
_9215328 _aСофия _bЦИНТИ _c1983 |
||
| 300 |
_a102 с. _c20Х10 см |
||
| 380 | _a62 | ||
| 500 | _aСб. съдържа данни за 102 разработки на младежки творчески колективи от Русенски окръг. - Изд. на Техническо и научно творчество на младежта - ХІІ преглед 1983 г. | ||
| 653 | 0 |
_9454010 _aтехнически проекти |
|
| 653 | 0 |
_9421478 _aнаучно-технически дружества |
|
| 852 |
_aК 62/Р 25 _bК |
||
| 942 |
_cKNG _n0 _s1 _01 |
||
| 944 |
_aCR _c2022-03-07 _k30556 _lТеодора Пейчева-Дянкова |
||
| 999 | _d447297 | ||